Detalles MARC
| 000 -LEADER |
| fixed length control field |
02241nam a2200505Ii 4500 |
| 001 - CONTROL NUMBER |
| control field |
DIGCSIC0150 |
| 003 - CONTROL NUMBER IDENTIFIER |
| control field |
NyNyDIG |
| 008 - FIXED-LENGTH DATA ELEMENTS--GENERAL INFORMATION |
| fixed length control field |
181008s2014 sp a ob 000 0 spa d |
| 006 - FIXED-LENGTH DATA ELEMENTS--ADDITIONAL MATERIAL CHARACTERISTICS |
| fixed length control field |
m o d |
| 007 - PHYSICAL DESCRIPTION FIXED FIELD--GENERAL INFORMATION |
| fixed length control field |
cr ||||||||||| |
| 035 ## - SYSTEM CONTROL NUMBER |
| System control number |
(OCoLC)896860731 |
| 040 ## - CATALOGING SOURCE |
| Original cataloging agency |
DGITA |
| Language of cataloging |
eng |
| Description conventions |
rda |
| -- |
pn |
| Transcribing agency |
DGITA |
| 020 ## - INTERNATIONAL STANDARD BOOK NUMBER |
| International Standard Book Number |
9788400098216 |
| Qualifying information |
(eBook) |
| 020 ## - INTERNATIONAL STANDARD BOOK NUMBER |
| International Standard Book Number |
8400098218 |
| Qualifying information |
(eBook) |
| 020 ## - INTERNATIONAL STANDARD BOOK NUMBER |
| Canceled/invalid ISBN |
9788400098209 |
| 020 ## - INTERNATIONAL STANDARD BOOK NUMBER |
| Canceled/invalid ISBN |
840009820X |
| 024 7# - OTHER STANDARD IDENTIFIER |
| Standard number or code |
723-14-085-0 |
| Qualifying information |
(e-NIPO) |
| Source of number or code |
nipo |
| 024 7# - OTHER STANDARD IDENTIFIER |
| Canceled/invalid standard number or code |
723-14-084-5 |
| Source of number or code |
nipo |
| 050 14 - LIBRARY OF CONGRESS CALL NUMBER |
| Classification number |
QC96.R34 eBook |
| 100 1# - MAIN ENTRY--PERSONAL NAME |
| Personal name |
Aroca, Ricardo, |
| Relator term |
author. |
| 245 10 - TITLE STATEMENT |
| Title |
Amplificación plasmónica de espectros Raman y de fluorescencia : |
| Remainder of title |
SERS y SEF sobre nanoestructuras metálicas / |
| Statement of responsibility, etc. |
Ricardo F. Aroca, Marcelo Campos Vallette, José V. García Ramos, Santiago Sánchez Cortés, José A. Sánchez Gil y Paz Sevilla. |
| 264 #1 - PRODUCTION, PUBLICATION, DISTRIBUTION, MANUFACTURE, AND COPYRIGHT NOTICE |
| Place of production, publication, distribution, manufacture |
Madrid : |
| Name of producer, publisher, distributor, manufacturer |
Consejo Superior de Investigaciones Científicas, |
| Date of production, publication, distribution, manufacture, or copyright notice |
2014. |
| 300 ## - PHYSICAL DESCRIPTION |
| Extent |
1 online resource : |
| Other physical details |
illustrations (some color) |
| 336 ## - CONTENT TYPE |
| Content type term |
text |
| Content type code |
txt |
| Source |
rdacontent |
| 337 ## - MEDIA TYPE |
| Media type term |
computer |
| Media type code |
c |
| Source |
rdamedia |
| 338 ## - CARRIER TYPE |
| Carrier type term |
online resource |
| Carrier type code |
cr |
| Source |
rdacarrier |
| 490 1# - SERIES STATEMENT |
| Series statement |
Textos universitarios ; |
| Volume/sequential designation |
49 |
| 504 ## - BIBLIOGRAPHY, ETC. NOTE |
| Bibliography, etc. note |
Includes bibliographical references and index. |
| 588 0# - SOURCE OF DESCRIPTION NOTE |
| Source of description note |
Online resource; title from PDF title page (Digitalia, viewed November 27, 2014) |
| 650 #0 - SUBJECT ADDED ENTRY--TOPICAL TERM |
| Topical term or geographic name entry element |
Raman spectroscopy. |
| 650 #0 - SUBJECT ADDED ENTRY--TOPICAL TERM |
| Topical term or geographic name entry element |
Nanostructured materials |
| General subdivision |
Surfaces |
| -- |
Spectra. |
| 655 #0 - INDEX TERM--GENRE/FORM |
| Genre/form data or focus term |
Electronic books. |
| 700 1# - ADDED ENTRY--PERSONAL NAME |
| Personal name |
Campos Vallette, Marcelo, |
| Relator term |
author. |
| 700 1# - ADDED ENTRY--PERSONAL NAME |
| Personal name |
García Ramos, José V., |
| Relator term |
author. |
| 700 1# - ADDED ENTRY--PERSONAL NAME |
| Personal name |
Sánchez Cortés, Santiago, |
| Relator term |
author. |
| 700 1# - ADDED ENTRY--PERSONAL NAME |
| Personal name |
Sánchez Gil, José A., |
| Relator term |
author. |
| 700 1# - ADDED ENTRY--PERSONAL NAME |
| Personal name |
Sevilla, Paz, |
| Relator term |
author. |
| 791 2# - |
| -- |
Digitalia (Firm), |
| -- |
distributor. |
| 793 0# - |
| -- |
Digitalia eBook Collection: |
| -- |
Editorial CSIC |
| 776 08 - ADDITIONAL PHYSICAL FORM ENTRY |
| Relationship information |
Print version: |
| Main entry heading |
Aroca, Ricardo. |
| Title |
Amplificación plasmónica de espectros Raman y de fluorescencia. |
| Place, publisher, and date of publication |
Madrid : Consejo Superior de Investigaciones Científicas, 2014 |
| International Standard Book Number |
9788400098209 |
| Record control number |
(DLC) 2014414672 |
| -- |
(OCoLC)956500581 |
| 830 #0 - SERIES ADDED ENTRY--UNIFORM TITLE |
| Uniform title |
Colección Textos universitarios (Madrid, Spain) ; |
| Volume/sequential designation |
no 49. |
| 856 40 - ELECTRONIC LOCATION AND ACCESS |
| Materials specified |
Digitalia Hispánica |
| Uniform Resource Identifier |
<a href="https://www.digitaliapublishing.com/a/30321/">https://www.digitaliapublishing.com/a/30321/</a> |
| 910 ## - USER-OPTION DATA (OCLC) |
| User-option data |
Premium Collection: 2015 |
| 942 ## - ADDED ENTRY ELEMENTS (KOHA) |
| Koha item type |
Recurso Electrónico |